000 00646nas a2200229 4500
001 BR9205019
003 BR-BrBNA
005 20231205092815.0
007 ta
008 230509b bl.|||p| |||| 00| 00por d
040 _aBR-BrBNA
_bpor
_cBiblioteca Nacional de Agricultura
041 _a(t)
072 _aK50
100 1 _aAnon.
245 1 _aCom tratamento adequado moiroes duram mais
650 _aMOURAO
650 _aPRESERVACAO DA MADEIRA
650 _aPRATICO
773 0 _tAgricultura e Pecuaria (Brazil)
_xISSN 0100-249X
_g(Nov 1967), (no. 522) p. 8
_wBR9205019
909 _a202311
_bLúcia
_c55
_dLúcia Elande
942 _2AGRIS
_n0
_cANA
999 _c134345
_d134345